Handbook of discrete and computational geometry
Spremljeno u:
| Format: | Knjiga |
|---|---|
| Jezik: | Undetermined |
| Izdano: |
Boca Raton, FL
CRC
1997
|
| Teme: | |
| Oznake: |
Dodaj oznaku
Bez oznaka, Budi prvi tko označuje ovaj zapis!
|
| Thư viện lưu trữ: | Trung tâm Học liệu Trường Đại học Cần Thơ |
|---|
| LEADER | 00516nam a2200169Ia 4500 | ||
|---|---|---|---|
| 001 | CTU_58095 | ||
| 008 | 210402s9999 xx 000 0 und d | ||
| 082 | |a 516.00285 | ||
| 082 | |b H236 | ||
| 245 | 0 | |a Handbook of discrete and computational geometry | |
| 245 | 0 | |c Edited by Jacob E. Goodman and Joseph O'Rourke | |
| 260 | |a Boca Raton, FL | ||
| 260 | |b CRC | ||
| 260 | |c 1997 | ||
| 650 | |a computer science,geometry | ||
| 650 | |x mathematics,data processing | ||
| 980 | |a Trung tâm Học liệu Trường Đại học Cần Thơ | ||